MDQL
is popping MORE tags! Check the
thread
!
Quizzes
Events
Quiz Creation
Community
Videos
Private Events
Remove Ads
Sign In
Join for FREE
Feedback
Dark Mode
Quiz Categories
Sports
Geography
Music
Movies
Television
Just For Fun
Miscellaneous
History
Literature
Language
Science
Gaming
Entertainment
Religion
Holiday
For Kids
Quiz Lab
Recent
Popular Today
Quiz Kudos Today
Editor Picks
Curator Picks
Quizzes by...
Day
Popularity
Type
Ratings
Length
Year
Community
Subscriptions
Recent Discussions
Orange Saloon
Badges
Playlists
Quests
Create
Leaderboards
Showdown
Live 5
Trivia Bingo
Activity
Puzzle Library
Sporcle Events
Private Events
Virtual Trivia
Globe League
Become a Host
Pub Owners
SporcleCon
Opinionation
Our Games
Videos
Blog
Mobile Apps
Partnerships
Remove Ads and Go Orange
Feedback
Gaming
Video Games
Board Games
Card Games
Pokémon
Mario
Nintendo
Minecraft
Console
Toys
Legend of Zelda
Gaming
Video Games
Board Games
Card Games
Pokémon
Mario
Nintendo
Minecraft
Console
Toys
Legend of Zelda
Random Quiz
Search Sporcle
×
Quiz Lab
Quiz Lab
Gaming
Pokémon
Type in answers that appear in a list
Type in answers that appear in a list
Classic
Best Score? Go Orange.
Pokemon Names that Start with S (Gen 1-7) Stats
Can you name the Pokemon names that start with S?
By
Zimfanatic
15m
112 Questions
226 Plays
226 Plays
226 Plays
Comments
Comments
Give Quiz Kudos
Give Quiz Kudos
-
- Ratings
hide this ad
More Info
Replay
Link that replays current quiz
Next Quiz
Link to next quiz in quiz playlist
You Got
0%
They Got
Avg Score
82%
Avg Friend Score
Upgrade to see
Score Distribution
Jump to the score distribution portion of the page
Score
0/112
Timer
15:00
0
Plays Today
Dex #
Pokemon
% Correct
007
Squirtle
94.7%
079
Slowpoke
92.5%
120
Staryu
92.5%
028
Sandslash
92%
086
Seel
92%
080
Slowbro
91.6%
121
Starmie
91.6%
021
Spearow
91.2%
027
Sandshrew
90.7%
119
Seaking
90.7%
199
Slowking
90.7%
117
Seadra
89.8%
208
Steelix
89.4%
123
Scyther
88.9%
212
Scizor
88.5%
364
Sealeo
88.5%
227
Skarmory
88.1%
090
Shellder
87.6%
143
Snorlax
87.6%
363
Spheal
87.6%
398
Staraptor
87.6%
397
Staravia
87.6%
396
Starly
87.6%
245
Suicune
87.2%
215
Sneasel
86.3%
338
Solrock
86.3%
167
Spinarak
86.3%
373
Salamence
85.4%
254
Sceptile
85.4%
161
Sentret
85.4%
497
Serperior
85.4%
372
Shelgon
85.4%
275
Shiftry
85.4%
353
Shuppet
85.4%
495
Snivy
85%
277
Swellow
85%
220
Swinub
85%
273
Seedot
84.5%
Dex #
Pokemon
% Correct
319
Sharpedo
84.5%
213
Shuckle
84.5%
218
Slugma
84.5%
238
Smoochum
84.1%
302
Sableye
83.6%
496
Servine
83.6%
403
Shinx
83.6%
289
Slaking
83.6%
361
Snorunt
83.6%
684
Swirlix
83.6%
459
Snover
83.2%
435
Skuntank
82.7%
434
Stunky
82.7%
682
Spritzee
82.3%
618
Stunfisk
82.3%
283
Surskit
82.3%
545
Scolipede
81.9%
188
Skiploom
81.9%
287
Slakoth
81.9%
685
Slurpuff
81.9%
235
Smeargle
81.9%
292
Shedinja
81.4%
327
Spinda
81.4%
336
Seviper
81%
266
Silcoon
81%
300
Skitty
81%
451
Skorupi
81%
234
Stantler
81%
665
Spewpa
80.5%
192
Sunflora
80.5%
191
Sunkern
80.5%
260
Swampert
80.5%
700
Sylveon
80.5%
410
Shieldon
80.1%
561
Sigilyph
80.1%
209
Snubbull
80.1%
333
Swablu
80.1%
559
Scraggy
79.6%
Dex #
Pokemon
% Correct
512
Simisage
79.6%
514
Simisear
79.6%
442
Spiritomb
79.6%
757
Salandit
79.2%
503
Samurott
79.2%
422
Shellos
79.2%
539
Sawk
78.8%
560
Scrafty
78.8%
540
Sewaddle
78.8%
285
Shroomish
78.8%
577
Solosis
78.8%
541
Swadloon
78.8%
758
Salazzle
78.3%
551
Sandile
78.3%
516
Simipour
78.3%
325
Spoink
78.3%
508
Stoutland
78.3%
185
Sudowoodo
78.3%
317
Swalot
78.3%
586
Sawsbuck
77.9%
664
Scatterbug
77.9%
791
Solgaleo
77.9%
769
Sandygast
77.4%
581
Swanna
77%
492
Shaymin
76.1%
690
Skrelp
76.1%
705
Sliggoo
76.1%
528
Swoobat
76.1%
616
Shelmet
75.7%
762
Steenee
75.7%
759
Stufful
74.3%
537
Seismitoad
73.5%
756
Shiinotic
71.2%
672
Skiddo
69.5%
773
Silvally
69%
805
Stakataka
68%
Quiz Playlist
Details
Report
Send in Message
Add To Playlist
More Info:
up to date as of Ultra Sun and Ultra Moon
Classic:
Type in answers that appear in a list
Last Updated: Nov 28, 2017
Quiz Scoreboard
CHALLENGE
Sign Up to Join the Scoreboard
Show All
Scores
Hide
Comments
May contain spoilers
Recently Published
Find the 'City' Movie
by crazypaving
Movies
60s
5x2 Blitz: Bands
by SL_Kpop136
Music
30s
Colored Red Africa Blitz
by spor1
Geography
30s
More to Explore
Quiz From the Vault
Featured Blog Post
14 Easter Pick-up Lines to Find Eggs With
hide this ad
You Might Also Like...
Tags
Pokémon Quiz
1-7
Dex
gen
start
Today's Top Quizzes in Gaming
Browse Gaming
hide this ad
Today's Top Quizzes in Pokémon
Browse Pokémon
Top Contributed Quizzes in Gaming
1
League of Legends Pro Players by Career/Team History
2
Genshin murder mystery
3
Destiny 2 exotic weapons by perk icons
4
Dead By Daylight Logic Puzzle
5
Genshin Impact Logic Puzzle
6
Valorant Agent Developer Names (Up to Clove)
7
Overwatch 2: Ultimate Ability Icons
8
Who's on the WWE 2K24 Cover?
9
Genshin Impact Logic Puzzle Quiz II
10
4x4 Decades: Video Games
Explore More
Trending Topics
Marvel
Disney
NBA
Kpop
Crossword
Anime
Harry Potter
Pokémon
Puzzle
NFL
Soccer
Song
The Office
Country
WWE
hide this ad
More By:
Zimfanatic
Quiz
Plays
Rating
Category
Featured
Created
Invader Zim Quiz
405
4.67
Television
Feb 24, 2010
Pokemon Names that Start With B (Gen 1-7)
249
5.00
Gaming
Mar 9, 2017
Pokemon Names that Start with M (Gen 1-7)
246
5.00
Gaming
Mar 10, 2017
Pokemon Names that Start With A (Gens 1-7)
239
5.00
Gaming
Mar 9, 2017
Pokemon Names that Start with S (Gen 1-7)
226
5.00
Gaming
Mar 10, 2017
Go to Creator's Profile
Score Distribution
Quiz Creator Spotlight
Zimfanatic
Follow
Send a Message
Quizzes Created
-
Created Quiz Play Count
-
More By This Creator
Popular Quizzes Today
1
Colored Red Africa Blitz
2
Find the 'City' Movie
3
Find the US States - No Outlines Minefield
4
5x2 Blitz: Bands
5
The Countries of the World
6
Find the US States
7
Find the Countries of Europe - No Outlines Minefield
8
US States
More Gaming Quizzes
Video Game Memes
Published
Trending Quizzes
Colored Red Europe Blitz I
Colored Red Africa Blitz II
Colored Red Europe Blitz II
Colored Red Europe Blitz III
Colored Red Africa Blitz III
Recently Updated
How Do You Spell That?
pecheneg
Godzilla Movies
pecheneg
Grab Bag: 4-10 Letters
pecheneg
2024 March Madness Bracket
pecheneg
Famous TV Couples
Peacemaker
Champions League XIs: Real Madrid
pecheneg
Largest US Cities 1790-2010
pecheneg
Rides in Walt Disney World
pecheneg
Most Oscar Losses (Acting)
pecheneg
Beyoncé Albums
pecheneg
Trending Topics
Disney
Marvel
NBA
Crossword
Kpop
Harry Potter
Anime
Soccer
Country
Song
Pokémon
Puzzle
The Office
NFL
WWE
Your Account Isn't Verified!
In order to create a playlist on Sporcle, you need to verify the email address you used during registration. Go to your
Sporcle Settings
to finish the process.
Report this User
Report this user for behavior that violates our
Community Guidelines
.
Details:
Send Report
Go to the Sporcle.com Mobile Site →
Comments